[Event "1. Bamberg-Open 2018"]
[Site "Bamberg"]
[Date "2018.05.10"]
[Round "3"]
[White "Maier, Alexander"]
[Black "Danin, Alexandre"]
[Result "1/2-1/2"]
[WhiteElo "2267"]
[BlackElo "2537"]
[Annotator "TA"]
[PlyCount "95"]
[EventDate "2018.??.??"]
[EventType "swiss"]
[EventCountry "GER"]
[SourceTitle "playchess.com"]
[Source "ChessBase"]
[SourceQuality "1"]

{[%evp 10,95,26,8,22,22,39,0,16,4,59,56,56,61,64,56,48,-21,2,0,0,0,0,-6,0,-23,-32,-13,0,-8,0,0,0,0,0,0,0,0,-5,-9,0,0,24,0,12,0,62,35,74,52,73,66,102,67,463,463,1118,1088,1186,1163,998,112,110,112,112,39,169,0,0,0,96,0,0,0,0,0,0,0,0,0,0,0,0,0,0,0,0,0]} 1. e4 c5 2. b3 Nf6 3. e5 Nd5 4. Nf3 Nc6 5. Bb2 d6 6. Bc4 {LiveBook: 3 Games. B30: Sicilian: 2...Nc6 3 Bb5, lines without ...g6} Nb6 (6... dxe5 7. Nxe5 Nxe5 8. Bxe5 Nb6 9. Bb5+ Bd7 10. Qe2 e6 11. O-O Bxb5 12. Qxb5+ Qd7 13. Qxd7+ Nxd7 {½-½ (21) Gomez Garrido,C (2519)-Kantans,T (2481) Pontevedra 2015}) 7. Bb5 $146 ({Predecessor:} 7. e6 Nxc4 8. exf7+ Kxf7 9. bxc4 Bf5 10. g4 Bg6 11. Ng5+ Ke8 12. Nc3 h6 13. Ne6 Qd7 {1-0 (48) Molano Lafuente,I (1894)-Miro Arbelaes,A (1218) Mollet del Valles 2016}) 7... d5 8. O-O {White is slightly better.} Bf5 9. a4 a6 ({Better is} 9... e6 $11) 10. Bxc6+ $1 $14 bxc6 11. a5 Nc8 12. d4 e6 13. Nbd2 (13. Nc3 $14) 13... Bg6 14. Ba3 cxd4 15. Bxf8 Kxf8 16. Nxd4 c5 17. Ne2 Ne7 18. Nf4 Qc7 19. Re1 Kg8 20. h4 {h5 is the strong threat.} h6 21. Nxg6 Nxg6 22. Nf3 Ne7 23. Ra4 Rb8 24. Qd2 Rb5 25. h5 Qb7 26. Rea1 Qb8 27. Rf4 Nc6 ({Black should try} 27... Qc7 $11) 28. c4 $1 $36 {[%cal Rc4b5][%mdl 2048] White fights for an advantage.} Rxb3 29. cxd5 Nxe5 {aiming for ...Nd3.} 30. dxe6 {Strongly threatening Nxe5.} Nxf3+ 31. Rxf3 Rxf3 $4 {[%mdl 8192]} (31... Rb1+ $1 $14 32. Rxb1 Qxb1+ 33. Kh2 fxe6) 32. gxf3 $18 fxe6 $14 {[%mdl 4096] Endgame KQR-KQR} (32... f5 $142 33. e7 Kh7) 33. Qd7 $18 Qf8 34. Qxe6+ Qf7 35. Qxa6 $2 (35. Qe4 $1 $18 {and the rest is easy.} Qxh5 36. Rb1) 35... Qxh5 $16 36. Qd3 Kf7 37. Qd7+ (37. Qb3+ $1 $16 Kg6 38. a6) 37... Kg6 (37... Kg8 $14) 38. a6 $2 (38. Ra4 $1 $18 {[%cal Ra4g4]} Kh7 39. Rg4) 38... Qxf3 $11 39. a7 {Threatens to win with Qe6+.} Kh7 {[#]} (39... Ra8 $11 {remains equal.}) 40. Qd6 ({White should play} 40. Ra3 $1 $16 {[%cal Ra3f3][%mdl 512]} Qe4 (40... Qxa3 41. Qf5+) 41. Ra4 Qb1+ 42. Kh2) 40... Qg4+ {The position is equal.} 41. Kf1 Qe4 {And now ...Qh1+ would win.} 42. Kg1 Rc8 43. Qb8 Qg4+ 44. Kf1 Qh3+ 45. Kg1 Qg4+ 46. Kf1 Qh3+ 47. Kg1 Qg4+ 48. Kf1 {Precision: White = 48%, Black = 35%.} 1/2-1/2

[Event "1. Bamberg-Open 2018"]
[Site "Bamberg"]
[Date "2018.05.10"]
[Round "3"]
[White "Spitzl, Vinzent"]
[Black "Gass, Ulrich"]
[Result "1-0"]
[WhiteElo "2254"]
[BlackElo "2079"]
[Annotator "NA"]
[PlyCount "98"]
[EventDate "2018.??.??"]
[EventType "swiss"]
[EventCountry "GER"]
[SourceTitle "playchess.com"]
[Source "ChessBase"]
[SourceQuality "1"]
[TimeControl "40/5400+30:900+30"]

1. e4 {[%emt 0:00:00]} d6 {[%emt 0:06:00]} 2. d4 {[%emt 0:00:00]} Nf6 {[%emt 0:00:12]} 3. Nc3 {[%emt 0:00:00]} g6 {[%emt 0:00:32]} 4. Be3 {[%emt 0:00:00]} c6 {[%emt 0:00:55]} 5. a4 {[%emt 0:01:40]} Qa5 {[%emt 0:05:23]} 6. Bd2 {[%emt 0:01:51]} Qb6 {[%emt 0:04:37]} 7. Nge2 {[%emt 0:00:16]} a5 {[%emt 0:00:35]} 8. h3 {[%emt 0:01:02]} Bg7 {[%emt 0:05:13]} 9. Be3 {[%emt 0:01:05]} O-O {[%emt 0:03:54]} 10. g4 {[%emt 0:00:20]} h6 {[%emt 0:07:32]} 11. Bg2 {[%emt 0:00:27]} Qc7 {[%emt 0:01:17]} 12. Qd2 {[%emt 0:00:19]} Kh7 {[%emt 0:00:06]} 13. O-O {[%emt 0:00:16]} e5 {[%emt 0:00:50]} 14. Rad1 {[%emt 0:03:15]} Na6 {[%emt 0:04:04]} 15. f4 {[%emt 0:02:51]} Nb4 {[%emt 0:03:38]} 16. dxe5 {[%emt 0:08:40]} dxe5 {[%emt 0:00:10]} 17. Bc5 {[%emt 0:00:10]} Re8 {[%emt 0:01:28]} 18. fxe5 {[%emt 0:01:27]} Ng8 {[%emt 0:13:58]} (18... Qxe5 $16 {was worth a try.} 19. Bd4 Qe7) 19. Qd6 {[%emt 0:04:31]} (19. Bd6 $18 Qb6+ 20. Nd4) 19... Re7 {[%emt 0:03:41]} (19... Qxd6 $142 20. exd6 (20. Bxd6 Be6 $18) 20... Be6) 20. Qxc7 {[%emt 0:06:46]} Rxc7 {[%emt 0:00:02]} 21. Bd6 {[%emt 0:00:21]} Rd7 {[%emt 0:00:12]} 22. Rd2 {[%emt 0:00:19]} b6 {[%emt 0:04:20]} 23. Nb1 {[%emt 0:01:56]} Raa7 {[%emt 0:02:15]} 24. c3 {[%emt 0:01:22]} Na6 {[%emt 0:00:57]} 25. Nd4 {[%emt 0:04:07]} Bb7 {[%emt 0:08:59]} 26. Rdf2 {[%emt 0:01:10]} Ba8 {[%emt 0:01:02]} 27. Na3 {[%emt 0:02:01]} Nc5 {[%emt 0:04:49]} 28. Bxc5 {[%emt 0:00:56]} bxc5 {[%emt 0:00:03]} 29. e6 {[%emt 0:00:20]} Bxd4 {[%emt 0:01:44]} 30. cxd4 {[%emt 0:00:10]} fxe6 {[%emt 0:00:43]} 31. dxc5 {[%emt 0:00:12]} e5 {[%emt 0:02:52]} 32. Nc4 {[%emt 0:01:24]} Re7 {[%emt 0:00:19]} 33. Nb6 {[%emt 0:01:12]} Kg7 {[%emt 0:00:53]} 34. Nc8 {[%emt 0:00:08]} Rac7 {[%emt 0:01:28]} 35. Nxe7 {[%emt 0:00:06]} Rxe7 {[%emt 0:00:16]} 36. Rf8 {[%emt 0:03:08]} Bb7 {[%emt 0:00:52]} 37. Rb8 {[%emt 0:00:11]} Nf6 {[%emt 0:00:29]} 38. b4 {[%emt 0:00:36]} axb4 {[%emt 0:01:24]} 39. Rb1 {[%emt 0:00:26]} Ba6 {[%emt 0:01:04]} 40. Rb6 {[%emt 0:00:40]} Bd3 {[%emt 0:16:05]} 41. R1xb4 {[%emt 0:15:08]} g5 {[%emt 0:01:09]} 42. Rxc6 {[%emt 0:01:20]} Ra7 {[%emt 0:00:10]} 43. Rcb6 {[%emt 0:00:29]} Ra5 {[%emt 0:01:50]} 44. c6 {[%emt 0:01:34]} Rc5 {[%emt 0:00:28]} 45. Rb7+ {[%emt 0:00:18]} Kg6 {[%emt 0:00:23]} 46. c7 {[%emt 0:00:25]} Ba6 {[%emt 0:03:03]} 47. Ra7 {[%emt 0:00:45]} Bc8 {[%emt 0:00:29]} 48. Rb8 {[%emt 0:00:16]} Be6 {[%emt 0:00:25]} 49. Ra6 $18 {[%emt 0:00:17]} Ng8 1-0

[Event "1. Bamberg-Open 2018"]
[Site "Bamberg"]
[Date "2018.05.10"]
[Round "3"]
[White "Schulz, Karsten"]
[Black "Schmidt, Justus"]
[Result "1/2-1/2"]
[WhiteElo "2246"]
[BlackElo "2136"]
[Annotator "ChessBase"]
[PlyCount "39"]
[EventDate "2018.??.??"]
[EventType "swiss"]
[EventCountry "GER"]
[SourceTitle "playchess.com"]
[Source "ChessBase"]
[SourceQuality "1"]
[TimeControl "40/5400+30:900+30"]

1. Nf3 {[%emt 0:00:00]} d5 {[%emt 0:03:04]} 2. g3 {[%emt 0:00:00]} Nf6 {[%emt 0:00:15]} 3. Bg2 {[%emt 0:00:00]} Bf5 {[%emt 0:00:10]} 4. O-O {[%emt 0:00:00]} e6 {[%emt 0:00:03]} 5. d3 {[%emt 0:00:02]} c6 {[%emt 0:00:33]} 6. c4 {[%emt 0:00:47]} h6 {[%emt 0:02:57]} 7. cxd5 {[%emt 0:00:09]} exd5 {[%emt 0:00:06]} 8. Nc3 {[%emt 0:00:07]} Bc5 {[%emt 0:01:33]} 9. Qc2 {[%emt 0:06:03]} Nbd7 {[%emt 0:00:51]} 10. e4 {[%emt 0:02:07]} dxe4 {[%emt 0:00:26]} 11. dxe4 {[%emt 0:00:28]} Bh7 {[%emt 0:02:14]} 12. Re1 {[%emt 0:02:56]} O-O {[%emt 0:01:21]} 13. Be3 {[%emt 0:00:49]} Re8 {[%emt 0:04:05]} 14. Nh4 {[%emt 0:02:21]} Qe7 {[%emt 0:06:16]} 15. Rad1 {[%emt 0:03:30]} Rad8 {[%emt 0:07:13]} 16. Nf5 {[%emt 0:15:51]} Bxf5 {[%emt 0:06:14]} 17. exf5 {[%emt 0:00:08]} Bxe3 {[%emt 0:08:29]} 18. Rxe3 {[%emt 0:00:19]} Qc5 {[%emt 0:00:21]} 19. Rxe8+ {[%emt 0:01:16]} Rxe8 {[%emt 0:00:13]} 20. h3 {[%emt 0:00:57]} 1/2-1/2

[Event "1. Bamberg-Open 2018"]
[Site "Bamberg"]
[Date "2018.05.10"]
[Round "3"]
[White "Epding, Olaf"]
[Black "Karpatchev, Aleksandr"]
[Result "0-1"]
[WhiteElo "2238"]
[BlackElo "2463"]
[Annotator "TA"]
[PlyCount "108"]
[EventDate "2018.??.??"]
[EventType "swiss"]
[EventCountry "GER"]
[SourceTitle "playchess.com"]
[Source "ChessBase"]
[SourceQuality "1"]

{[%evp 13,108,10,12,12,21,30,33,14,15,15,24,20,28,-28,-27,-40,-29,-56,-60,-44,-26,-48,-25,-71,-75,-65,-46,-59,-41,-36,-33,-58,-46,-94,-92,-94,-92,-117,-115,-110,-100,-100,-100,-101,-100,-100,-107,-145,-124,-191,-100,-150,-145,-160,-84,-75,0,-136,-5,-52,-62,-58,-42,-118,-76,-200,-212,-209,-215,-757,0,0,0,0,154,0,-11,-1862,-1872,-1760,-1800,-1737,-1685,-1650,-1634,-1589,-1435,-2934,-1430,-3024,-1289,-1022,-858,-29992,-1499,-29994,-29995]} 1. d4 d5 2. Nc3 Nf6 3. Bg5 Nbd7 4. Nf3 h6 5. Bh4 c6 6. e3 {D01: Veresov Opening} g5 7. Bg3 Nh5 {LiveBook: 4 Games} 8. Be5 {The position is equal.} Nxe5 9. Nxe5 Nf6 10. h4 {[#] Black must now prevent hxg5.} g4 11. Bd3 Rg8 $146 ({Predecessor:} 11... h5 12. Qe2 Be6 13. O-O-O Qa5 {0-1 (65) Mestrovic,Z (2402)-Stocek,J (2552) Nova Gorica 2004}) 12. Qe2 Be6 13. h5 (13. O-O-O $142) 13... Nd7 $11 14. Nxd7 Bxd7 15. g3 e6 16. a3 c5 17. dxc5 Bxc5 18. e4 d4 19. Nb1 e5 20. Nd2 a6 21. Bc4 Qe7 22. Kf1 Ba7 23. Rh4 O-O-O 24. Kg1 Kb8 25. Re1 Rg5 26. Bd3 f6 27. b4 Rc8 28. Rb1 Rc3 29. Rb3 Rc7 30. Kg2 Qe8 31. Nc4 (31. Rb1 $17) 31... Qf8 (31... f5 $19 {And now ...Be6 would win.} 32. Nd6 f4) 32. Nd2 Qc8 33. Rb2 Rc3 (33... Ba4 $142 {[%cal Ra4c2]} 34. Nc4 Qe6) 34. Nb1 $17 Rc7 (34... f5 $142 35. Nxc3 f4) 35. Nd2 Be6 ({Black should try} 35... Ba4 $17 36. Nc4 Qe6) 36. b5 axb5 37. Rxb5 Qe8 38. Rh1 (38. a4 $15) 38... Rxh5 39. Rhb1 {[#]} (39. Rxh5 $17 Qxh5 40. Kg1) 39... Rh3 $1 $19 40. Qf1 Bd7 41. R5b2 $2 (41. Rd5) 41... f5 $2 ({Black should play} 41... Qh5 $19 42. Qg1 f5) 42. exf5 $11 {Threatens to win with Be4.} Bc6+ 43. Be4 Ka8 $2 (43... Bxe4+ $11 44. Nxe4 Qh5 45. Rxb7+ Rxb7 46. Rxb7+ Kxb7 47. Qb5+ Kc8) 44. Qe2 $2 (44. Qd3 $16) 44... Qh5 $1 $36 {[%mdl 2048] Black is pushing.} 45. Bxc6 $4 {[%mdl 8192]} (45. Qd3 $11) 45... Rxg3+ $19 46. Kf1 Qh3+ 47. Ke1 Rg1+ 48. Nf1 Qc3+ 49. Kd1 Qxc6 50. Ke1 e4 (50... Qc3+ $142 51. Kd1 e4 52. Qxe4 d3 53. Qe8+ Rc8 54. Qxc8+ Qxc8) 51. Qb5 Qxb5 (51... Qc3+ $142 52. Ke2 Re7) 52. Rxb5 Rxc2 {( -> ...d3)} 53. Re5 e3 (53... d3 $142 54. Re8+ Bb8 55. Rb2 Rxb2 56. Rxe4 g3 57. f4 g2 58. Ra4+ Ba7 59. Rxa7+ Kxa7 60. f6 gxf1=R#) 54. fxe3 d3 {Precision: White = 33%, Black = 44%.} 0-1

[Event "1. Bamberg-Open 2018"]
[Site "Bamberg"]
[Date "2018.05.10"]
[Round "3"]
[White "Spitzl, Bertram"]
[Black "Troyke, Doreen"]
[Result "1/2-1/2"]
[WhiteElo "2208"]
[BlackElo "2074"]
[Annotator "NA"]
[PlyCount "172"]
[EventDate "2018.??.??"]
[EventType "swiss"]
[EventCountry "GER"]
[SourceTitle "playchess.com"]
[Source "ChessBase"]
[SourceQuality "1"]
[TimeControl "40/5400+30:900+30"]

1. Nf3 {[%emt 0:00:00]} d5 {[%emt 0:00:04]} 2. g3 {[%emt 0:00:00]} Nf6 {[%emt 0:00:17]} 3. Bg2 {[%emt 0:00:00]} e6 {[%emt 0:00:11]} 4. O-O {[%emt 0:00:00]} Be7 {[%emt 0:00:11]} 5. d3 {[%emt 0:00:00]} O-O {[%emt 0:00:25]} 6. Nbd2 {[%emt 0:00:04]} c5 {[%emt 0:00:36]} 7. e4 {[%emt 0:00:06]} Nc6 {[%emt 0:00:26]} 8. Re1 {[%emt 0:00:08]} Qc7 {[%emt 0:00:47]} 9. c3 {[%emt 0:06:51]} b6 {[%emt 0:04:12]} 10. Qa4 {[%emt 0:05:49] C00: French: Unusual White 2nd moves} (10. e5 Nd7 11. Qe2 a5 12. Nf1 a4 13. Bf4 Bb7 14. h4 Rfc8 15. Ne3 Qd8 16. h5 b5 17. Nxd5 exd5 18. e6 Nf8 19. exf7+ Kxf7 {0-1 (37) Morozevich,A (2675)-Hou,Y (2666) Biel 2017}) 10... Bb7 {[%emt 0:03:43]} 11. Nf1 {[%emt 0:02:43]} Rad8 $146 {[%emt 0:09:26]} ({Predecessor:} 11... a6 12. Bf4 e5 13. Bg5 Rfd8 14. Ne3 d4 15. cxd4 Nxd4 16. Nxd4 Rxd4 17. Qb3 Rad8 {0-1 (49) Karasev,V (2421)-Klovans,J (2455) Halle 2004}) 12. e5 {[%emt 0:05:38]} Nd7 {[%emt 0:00:29]} 13. Bf4 {[%emt 0:00:07]} Rfe8 {[%emt 0:01:18]} 14. h4 {[%emt 0:05:54]} Nf8 {[%emt 0:02:24]} 15. h5 {[%emt 0:02:53]} h6 {[%emt 0:01:46]} 16. N1h2 {[%emt 0:02:22]} Nh7 {[%emt 0:00:29]} 17. Ng4 {[%emt 0:04:07]} Ng5 {[%emt 0:08:01]} ({Black should try} 17... d4 $11) 18. Bxg5 {[%emt 0:17:29]} hxg5 {[%emt 0:01:44]} 19. Kh2 {[%emt 0:08:07]} (19. d4 $14) 19... Rf8 {[%emt 0:07:21]} 20. h6 {[%emt 0:01:56]} ({Better is} 20. Qc2 $11) 20... d4 {[%emt 0:02:42]} 21. c4 {[%emt 0:00:50]} gxh6 {[%emt 0:02:29]} 22. Nxh6+ {[%emt 0:00:35]} Kg7 {[%emt 0:00:05]} 23. Ng4 {[%emt 0:00:08]} Rh8+ {[%emt 0:00:16]} 24. Kg1 {[%emt 0:00:02]} Rdg8 {[%emt 0:01:22]} 25. a3 {[%emt 0:05:04]} Kf8 {[%emt 0:03:15]} 26. b4 {[%emt 0:10:50]} cxb4 {[%emt 0:03:02]} 27. axb4 {[%emt 0:00:10]} Nxb4 {[%emt 0:12:58]} 28. Qxa7 {[%emt 0:02:49]} Nc6 {[%emt 0:08:22]} 29. Qa4 {[%emt 0:00:47]} Nb4 {[%emt 0:01:33]} 30. Qb3 {[%emt 0:01:00]} Nc6 {[%emt 0:03:02]} 31. Reb1 {[%emt 0:02:54]} Bc5 {[%emt 0:00:25]} 32. Qd1 {[%emt 0:01:36]} Rg6 {[%emt 0:03:56]} 33. Qd2 {[%emt 0:01:20]} Ke7 {[%emt 0:02:58]} 34. Rb5 {[%emt 0:00:25]} Rd8 $2 {[%emt 0:05:51]} (34... Kf8 {might work better.} 35. Nxg5 Be7) 35. Nxg5 {[%emt 0:03:45]} Nxe5 $2 {[%emt 0:01:02]} (35... Rdg8 {might work better.}) 36. Qf4 {[%emt 0:04:47]} f6 $2 {[%emt 0:03:05]} (36... Nf3+ 37. Bxf3 Qxf4 38. gxf4 Bxf3) 37. Nxe5 $2 {[%emt 0:02:35]} (37. Bxb7 $18 {has better winning chances.} Rdg8 38. Ne4) 37... Qxe5 {[%emt 0:01:07]} 38. Qxe5 {[%emt 0:01:15]} fxe5 {[%emt 0:00:03]} 39. Bxb7 {[%emt 0:01:00]} Rxg5 {[%emt 0:00:10]} 40. Be4 {[%emt 0:00:13]} Kf6 {[%emt 0:15:51]} 41. Rb2 {[%emt 0:15:41]} Rg7 {[%emt 0:02:08]} 42. Kg2 {[%emt 0:00:55]} Rh8 {[%emt 0:00:23]} 43. Rbb1 {[%emt 0:02:09]} Rg5 {[%emt 0:01:06]} 44. Rh1 {[%emt 0:01:24]} Rgh5 {[%emt 0:00:29]} 45. Rxh5 {[%emt 0:00:07]} Rxh5 {[%emt 0:00:03]} 46. Ra8 {[%emt 0:00:37]} Rg5 {[%emt 0:00:28]} 47. Rh8 {[%emt 0:00:44]} Kg7 {[%emt 0:02:20]} 48. Rh7+ {[%emt 0:00:00]} Kf6 $1 {[%emt 0:00:00]} 49. Rh6+ {[%emt 0:00:00]} Ke7 {[%emt 0:00:00]} 50. Rh7+ {[%emt 0:00:00]} (50. Kf3 $14) 50... Kf6 $14 {[%emt 0:00:00]} 51. Rb7 {[%emt 0:00:00]} Rg7 {[%emt 0:00:00]} 52. Rb8 {[%emt 0:00:00]} Kg5 {[%emt 0:00:00]} 53. Re8 {[%emt 0:00:00]} Kf6 {[%emt 0:00:00]} 54. f3 {[%emt 0:00:00]} Kf7 {[%emt 0:00:00]} 55. Rb8 {[%emt 0:00:00]} Rg8 {[%emt 0:00:00]} 56. Rb7+ {[%emt 0:00:00]} Kf6 {[%emt 0:00:00]} 57. g4 {[%emt 0:00:00]} Rh8 {[%emt 0:00:00]} 58. Kg3 {[%emt 0:00:00]} Rh1 {[%emt 0:00:00]} 59. Rb8 {[%emt 0:00:00]} Kg7 {[%emt 0:00:00]} 60. Kg2 {[%emt 0:00:00]} Rh8 {[%emt 0:00:00]} 61. Rb7+ {[%emt 0:00:00]} Kf6 {[%emt 0:00:00]} 62. Kg3 {[%emt 0:00:41]} Rh1 {[%emt 0:00:00]} 63. Bh7 {[%emt 0:01:03]} Rd1 {[%emt 0:00:01]} 64. Rb8 {[%emt 0:01:29]} Rh1 {[%emt 0:00:46]} 65. Be4 {[%emt 0:00:09]} Kg7 {[%emt 0:01:40]} 66. Kg2 {[%emt 0:01:34]} Rh8 {[%emt 0:00:09]} 67. Rxh8 {[%emt 0:00:03]} Kxh8 {[%emt 0:00:08]} 68. g5 {[%emt 0:00:07]} Kg7 {[%emt 0:00:20]} 69. Kg3 {[%emt 0:00:39]} Bb4 {[%emt 0:01:00]} 70. g6 {[%emt 0:00:36]} Kh6 {[%emt 0:00:50]} 71. Kf2 {[%emt 0:00:07]} Bf8 {[%emt 0:00:30]} 72. Ke2 {[%emt 0:00:06]} Kg5 {[%emt 0:01:17]} 73. Kd2 {[%emt 0:00:09]} Kf6 {[%emt 0:00:15]} 74. Kc2 {[%emt 0:00:05]} Ke7 {[%emt 0:01:08]} 75. Kb3 {[%emt 0:00:11]} Kd7 {[%emt 0:00:48]} 76. Ka4 {[%emt 0:00:05]} Kc7 {[%emt 0:00:06]} 77. Kb5 {[%emt 0:00:05]} Bh6 {[%emt 0:00:39]} 78. Bc6 {[%emt 0:00:06]} Bg7 {[%emt 0:01:35]} 79. Be8 {[%emt 0:00:14]} Bf8 {[%emt 0:00:19]} 80. Bf7 {[%emt 0:00:07]} Bg7 {[%emt 0:00:13]} 81. Bxe6 {[%emt 0:00:07]} Bf8 {[%emt 0:00:10]} 82. Bf5 {[%emt 0:00:46]} Bg7 {[%emt 0:00:11]} 83. c5 {[%emt 0:00:12]} bxc5 {[%emt 0:00:21]} 84. Kxc5 {[%emt 0:00:02]} Kd8 {[%emt 0:00:17]} 85. Kd6 {[%emt 0:00:45]} Ke8 {[%emt 0:00:22]} 86. Ke6 {[%emt 0:01:08]} Bf8 1/2-1/2

[Event "1. Bamberg-Open 2018"]
[Site "Bamberg"]
[Date "2018.05.10"]
[Round "3"]
[White "Loew, Gerald"]
[Black "Keymer, Vincent"]
[Result "0-1"]
[WhiteElo "2202"]
[BlackElo "2443"]
[Annotator "TA"]
[PlyCount "70"]
[EventDate "2018.??.??"]
[EventType "swiss"]
[EventCountry "GER"]
[SourceTitle "playchess.com"]
[Source "ChessBase"]
[SourceQuality "1"]

{[%evp 24,70,20,16,11,13,24,-1,0,-15,-10,0,-7,0,0,0,-11,-20,-20,-7,-21,-31,-31,-36,-36,-28,-27,-14,-24,-27,0,0,0,0,0,0,-73,-170,-163,-988,-987,-980,-979,-1516,-1414,-1276,-1242,-1127,-1101]} 1. c4 e6 2. g3 Nf6 3. Bg2 d5 4. Nf3 dxc4 5. Qa4+ c6 6. Qxc4 b5 7. Qc2 Bb7 8. O-O Nbd7 {A13: English Opening: 1...e6} 9. Nc3 a6 10. a4 Be7 11. d3 O-O 12. e4 b4 {[%cal Bb5b4,Bb4b3][%mdl 32]} 13. Nb1 {[%cal Bc3b1,Bb1d2,Bd2c4][%mdl 32] LiveBook: 5 Games} a5 14. Rd1 Ba6 15. Nbd2 Nc5 16. Nc4 b3 $146 {[%cal Rb3c2]} 17. Qe2 $1 Nxd3 $1 18. Rxd3 Bxc4 19. Rxd8 Bxe2 20. Rxa8 Rxa8 21. Nd4 Bd3 22. Nxc6 Bc5 23. e5 Ng4 24. Ne7+ $1 Kf8 25. Bxa8 {[#] Threatens to win with Nc6.} Kxe7 26. Bd2 Bc2 {...Bd4 is the strong threat.} 27. Bxa5 Bxf2+ 28. Kg2 Bd4 29. Bb4+ Kd8 ({Black should play} 29... Kd7 $11) 30. a5 (30. Re1 $17 {is a better defense.}) 30... Bxb2 $19 31. a6 $2 (31. Ra4 Bxe5 32. Bc5) 31... Bxa1 {Black is clearly winning.} 32. Ba5+ Kc8 {[#] Strongly threatening ...b2.} 33. Bb7+ Kb8 34. Bb6 Bd3 {And now ...b2 would win.} 35. Bc5 Bxe5 {Precision: White = 47%, Black = 69%.} 0-1

[Event "1. Bamberg-Open 2018"]
[Site "Bamberg"]
[Date "2018.05.10"]
[Round "3"]
[White "Friedel, Marcus"]
[Black "Korolev, Alexandr"]
[Result "0-1"]
[WhiteElo "2190"]
[BlackElo "2071"]
[Annotator "NA"]
[PlyCount "126"]
[EventDate "2018.??.??"]
[EventType "swiss"]
[EventCountry "GER"]
[SourceTitle "playchess.com"]
[Source "ChessBase"]
[SourceQuality "1"]
[TimeControl "40/5400+30:900+30"]

1. c4 {[%emt 0:00:00]} e5 {[%emt 0:03:16]} 2. g3 {[%emt 0:00:00]} Nf6 {[%emt 0:00:10]} 3. Bg2 {[%emt 0:00:00]} Nc6 {[%emt 0:00:08]} 4. Nc3 {[%emt 0:00:31]} Bb4 {[%emt 0:00:25]} 5. Nd5 {[%emt 0:05:09]} Bc5 {[%emt 0:01:40]} 6. e3 {[%emt 0:00:57]} O-O {[%emt 0:00:39]} 7. Ne2 {[%emt 0:00:33]} d6 {[%emt 0:01:55] A25: English Opening vs King's Indian with ...Nc6 but without early d3} (7... Nxd5 8. cxd5 Ne7 9. b3 c6 10. Bb2 Nxd5 11. Bxe5 Nc7 12. Qc2 Ne6 13. Nf4 Qe7 14. Nxe6 dxe6 15. O-O Bd7 16. Rab1 {½-½ (41) Harikrishna,P (2740)-Yilmaz,M (2582) Kocaeli 2015}) 8. a3 {[%emt 0:02:30]} Nxd5 {[%emt 0:01:19]} 9. cxd5 {[%emt 0:00:51]} Ne7 {[%emt 0:00:19]} 10. d4 {[%emt 0:09:19]} exd4 {[%emt 0:00:44]} 11. Nxd4 {[%emt 0:00:14]} Bd7 {[%emt 0:04:35]} 12. O-O {[%emt 0:01:37]} Qc8 $146 {[%emt 0:03:18]} ({Predecessor:} 12... a5 13. b3 Nf5 14. Bb2 Qf6 15. Rc1 Rfe8 16. Rc2 Nxd4 17. Bxd4 Bxd4 18. Qxd4 Qxd4 19. exd4 {1-0 (65) Tatisic,M (2260)-Govedarica,R (2418) Belgrade 2005}) 13. b4 {[%emt 0:10:22]} Bb6 {[%emt 0:00:28]} 14. Bb2 {[%emt 0:00:48]} Bh3 {[%emt 0:01:18]} 15. Ne2 {[%emt 0:15:52]} Bxg2 {[%emt 0:00:53]} 16. Kxg2 {[%emt 0:02:15]} Qf5 {[%emt 0:01:07]} 17. Nf4 {[%emt 0:01:29]} a5 {[%emt 0:06:38]} 18. Qf3 {[%emt 0:06:24]} Ng6 {[%emt 0:06:58]} 19. Nxg6 {[%emt 0:03:57]} Qxf3+ {[%emt 0:00:17]} 20. Kxf3 {[%emt 0:00:02]} hxg6 {[%emt 0:00:20]} 21. b5 {[%emt 0:04:20]} a4 22. Bc3 {[%emt 0:05:30]} Bc5 {[%emt 0:01:52]} 23. Rfc1 {[%emt 0:07:12]} f6 {[%emt 0:00:35]} 24. Ke2 {[%emt 0:07:13]} Rfe8 {[%emt 0:01:23]} 25. Kd3 {[%emt 0:00:06]} Kf7 {[%emt 0:00:40]} 26. Bd4 {[%emt 0:02:21]} b6 {[%emt 0:00:20]} 27. Rab1 {[%emt 0:03:19]} Reb8 {[%emt 0:06:44]} 28. h4 {[%emt 0:01:16]} Rb7 {[%emt 0:01:44]} 29. Bb2 {[%emt 0:01:37]} Ra5 {[%emt 0:01:14]} 30. Bc3 {[%emt 0:00:23]} Ra8 {[%emt 0:00:10]} 31. Bb4 {[%emt 0:00:38]} Ke7 {[%emt 0:05:22]} 32. Rc4 {[%emt 0:00:38]} Kf7 {[%emt 0:01:27]} 33. Rh1 {[%emt 0:01:32]} Rbb8 {[%emt 0:02:22]} 34. h5 {[%emt 0:01:16]} gxh5 {[%emt 0:00:10]} 35. Rxh5 {[%emt 0:00:08]} Re8 {[%emt 0:00:41]} 36. Rg4 {[%emt 0:02:06]} Re5 {[%emt 0:01:54]} 37. Rxe5 {[%emt 0:02:33]} fxe5 {[%emt 0:00:17]} 38. Bxc5 {[%emt 0:02:12]} bxc5 {[%emt 0:01:44]} 39. Kc4 {[%emt 0:00:35]} Rh8 {[%emt 0:01:25]} 40. b6 {[%emt 0:00:45]} cxb6 {[%emt 0:15:32]} 41. Kb5 {[%emt 0:15:11]} Rh2 {[%emt 0:00:52]} 42. Kc6 {[%emt 0:00:00]} (42. Rxa4 $18 Rxf2 43. Kxb6) 42... Rxf2 {[%emt 0:00:00]} 43. Kxd6 {[%emt 0:00:00]} Rf3 {[%emt 0:00:00]} 44. Re4 {[%emt 0:00:00]} c4 {[%emt 0:00:00]} ({Much weaker is} 44... Rxg3 $6 45. Kc7 $18) 45. Kc7 {[%emt 0:00:00]} c3 {[%emt 0:00:00]} ({Avoid the trap} 45... Rxg3 $2 46. d6 $18) 46. d6 {[%emt 0:00:00]} Ke6 {[%emt 0:00:00]} ({Don't go for} 46... Rxg3 $2 47. d7 $18) 47. Rc4 {[%emt 0:02:14]} Rf7+ {[%emt 0:00:00]} 48. Kxb6 {[%emt 0:00:38]} Kxd6 {[%emt 0:00:00]} 49. Rxc3 {[%emt 0:00:11]} Rf3 {[%emt 0:00:00]} 50. Rd3+ {[%emt 0:00:47]} (50. Ka5 $11) 50... Ke6 {[%emt 0:00:00]} 51. Kb5 {[%emt 0:00:05]} e4 {[%emt 0:00:00]} 52. Rc3 {[%emt 0:00:16]} Rxg3 $11 {[%emt 0:00:00]} 53. Kxa4 {[%emt 0:00:02]} g5 {[%emt 0:00:00]} 54. Kb5 {[%emt 0:00:12]} Rg1 {[%emt 0:00:00]} 55. a4 {[%emt 0:01:08]} Rb1+ {[%emt 0:00:00]} 56. Kc5 {[%emt 0:02:48]} Ra1 {[%emt 0:00:00]} 57. Kb5 {[%emt 0:00:23]} g4 {[%emt 0:00:00]} 58. a5 {[%emt 0:00:36]} g3 {[%emt 0:00:00]} 59. Rc2 {[%emt 0:00:17]} Kf5 {[%emt 0:00:00]} 60. a6 {[%emt 0:00:13]} Kg4 {[%emt 0:00:00]} 61. Rc6 {[%emt 0:01:15]} g2 {[%emt 0:00:00]} 62. Rg6+ {[%emt 0:00:19]} Kf3 {[%emt 0:00:00]} 63. a7 {[%emt 0:00:31]} Rxa7 {[%emt 0:00:00]} 0-1